| 000 | 00666nam a2200205Ii 4500 | ||
|---|---|---|---|
| 003 | JO-AjNU | ||
| 008 | 230606s9999||||xx |||||||||||||| ||und|| | ||
| 020 | _a0-7656-1524-x/0-7656-1523-1 | ||
| 040 |
_aJO-AjNU _beng _erda _cJO-AjNU |
||
| 041 | _aeng | ||
| 050 | 1 | 4 | _aHF5549.5.M63.M5638 2005 |
| 100 | 3 |
_aMiner,John B, _eauthor _9613 |
|
| 245 | 0 | 0 | _aOrganizational Behavior 1: Essential Theories of Motivation and Leadership |
| 264 | 3 | 1 | _aNew York: M.E.Sharpe,2005 |
| 300 |
_a416p _bIncludes indexes387-416 p |
||
| 336 |
_atext _btxt _2rdacontent |
||
| 337 |
_aunmediated _bn _2rdamedia |
||
| 338 |
_avolume _bnc _2rdacarrier |
||
| 650 | 4 |
_aOrganizational Behavior _9614 |
|
| 999 |
_aE323 _c323 _d323 |
||